Financial accounting & reporting : (Record no. 364106)
[ view plain ]
| 000 -LEADER | |
|---|---|
| fixed length control field | 00490nam a2200145Ia 4500 |
| 008 - FIXED-LENGTH DATA ELEMENTS--GENERAL INFORMATION | |
| fixed length control field | 200908s9999 xx 000 0 und d |
| 020 ## - INTERNATIONAL STANDARD BOOK NUMBER | |
| International Standard Book Number | 978-621-8029-07-1 |
| 100 ## - MAIN ENTRY--PERSONAL NAME | |
| Personal name | Millan, Zeus Vernon B. |
| 245 ## - TITLE STATEMENT | |
| Statement of responsibility, etc | Zeus Vernon B. Milan.-- |
| Title | Financial accounting & reporting : |
| Remainder of title | fundamentals / |
| 250 ## - EDITION STATEMENT | |
| Edition statement | 2nd ed. |
| 260 ## - PUBLICATION, DISTRIBUTION, ETC. (IMPRINT) | |
| Place of publication, distribution, etc | Baguio City : |
| Name of publisher, distributor, etc | Bandolin Enterprise |
| Date of publication, distribution, etc | 2019 |
| 300 ## - PHYSICAL DESCRIPTION | |
| Extent | x , 596 pages : |
| Other physical details | illustration ; |
| Dimensions | 22 cm. |
| 650 ## - SUBJECT ADDED ENTRY--TOPICAL TERM | |
| Topical term or geographic name as entry element | Accounting. |
| 650 ## - SUBJECT ADDED ENTRY--TOPICAL TERM | |
| Topical term or geographic name as entry element | Financial reports -- Philippines. |
| Withdrawn status | Lost status | Damaged status | Home library | Current library | Shelving location | Date acquired | Source of acquisition | Total Checkouts | Full call number | Barcode | Date last seen | Price effective from | Koha item type |
|---|---|---|---|---|---|---|---|---|---|---|---|---|---|
| College Library | College Library | Filipiniana Section | 09/08/2020 | Library Fund | HF 5635 .M645 2019 | C22292 | 09/08/2020 | 09/08/2020 | Books |